00437 2200169 4500001002100000008004100021035002000062245005500082100001700137260002400154300002000178020002200198084001400220082000800234650001000242990001500252INLIS000000000003238 ind  a0010-1225000059 aSalju di Pantai Cinta di ScheveningencJanita Jaya aJaya, Janita aJakarta :bGramedia a312c13,5x20 cm a978-602-03-7795-7 a813 JAY s a813 aFiksi a19713/B/26